| 000 | 00615pam a2200217 a 4500 | ||
|---|---|---|---|
| 020 | _a1564582930 | ||
| 020 | _a1564582949 | ||
| 020 | _a0751310212 | ||
| 020 | _a0751310204 | ||
| 040 | _cDLC | ||
| 082 | _a639 DIS 1993 C142 Or. | ||
| 100 | 1 | _aMills, Dick. | |
| 245 | 1 | 0 | _aAquarium fish / |
| 250 | _a1st American ed. | ||
| 260 |
_aLondon ; _aNew York : _bDorling Kindersley ; _aBoston : _bDistributed by Houghton Mifflin Co., _c1993. |
||
| 300 |
_a304 p. : _bill. (some col.), col. maps ; _c22 cm. |
||
| 500 | _aIncludes index. | ||
| 650 | 0 | _aAquarium fishes | |
| 650 | 0 | _aAquarium fishes | |
| 942 | _cAEDBB | ||
| 999 |
_c18356 _d18356 |
||